Proyecto de arreglo de la administración provincial de Guipuzcoa ó se modificación de sus fueros / (Record no. 162658)

MARC details
000 -LEADER
campo de control de longitud fija 00719nam a22001815i 4500
001 - NÚMERO DE CONTROL
campo de control 162658
003 - IDENTIFICADOR DE NÚMERO DE CONTROL
campo de control ES-MaACL
005 - FECHA Y HORA DE LA ÚLTIMA TRANSACCIÓN
campo de control 20230906212556.0
008 - DATOS DE LONGITUD FIJA--INFORMACIÓN GENERAL
campo de control de longitud fija 050715s1841 sp |||| | spa d
040 ## - FUENTE DE CATALOGACIÓN
Centro catalogador/agencia de origen CAM
Lengua de catalogación spa
Centro/agencia transcriptor CAM
245 00 - MENCIÓN DEL TÍTULO
Título Proyecto de arreglo de la administración provincial de Guipuzcoa ó se modificación de sus fueros /
Mención de responsabilidad, etc. por la Comisión económica de la misma provincia.
260 ## - PUBLICACIÓN, DISTRIBUCIÓN, ETC.
Lugar de publicación, distribución, etc. San Sebastián :
Nombre del editor, distribuidor, etc. [s.n.],
Fecha de publicación, distribución, etc. 1841 (
Fabricante Imprenta de Ignacio Ramón Baroja)
300 ## - DESCRIPCIÓN FÍSICA
Extensión 49 p. ;
Dimensiones 19 cm.
500 ## - NOTA GENERAL
Nota general Datos tomados de la cub.
650 ## - PUNTO DE ACCESO ADICIONAL DE MATERIA--TÉRMINO DE MATERIA
Término de materia o nombre geográfico como elemento de entrada Fueros-
Subdivisión geográfica Guipúzcoa.
9 (RLIN) 161225
752 ## - ENTRADA AGREGADA--NOMBRE JERÁRQUICO DEL LUGAR
País o entidad superior España -
Ciudad San Sebastián
852 ## - LOCALIZACIÓN
Ubicación ES-MaACL
Número de control de estantería Fol-Laf-245
Nota libre -- Rúst.
-- -- Legado de Modesto de La Fuente
Holdings
Estatus retirado Estado de pérdida Estado de daño No para préstamo Colección Biblioteca de origen Biblioteca actual Ubicación en estantería Fecha de adquisición Fuente de adquisición Total de préstamos Signatura topográfica completa Código de barras Visto por última vez Precio de reemplazo Tipo de ítem Koha
        Colección de folletos Biblioteca del Ateneo de Madrid Biblioteca del Ateneo de Madrid Depósito folletos 17/01/2008     Fol-Laf-245 1170412 23/02/2023 23/02/2023 Folleto